[Event "PNWCC Masters WOO 2020"]
[Site "chess.com INT"]
[Date "2020.07.06"]
[Round "9.2"]
[White "Vitiugov, Nikita"]
[Black "Maghsoodloo, Parham"]
[Result "1/2-1/2"]
[WhiteTitle "GM"]
[BlackTitle "GM"]
[WhiteElo "2722"]
[BlackElo "2676"]
[WhiteFideId "4152956"]
[BlackFideId "12539929"]
[EventDate "2020.07.04"]

1. e4 c5 2. Nf3 Nc6 3. d4 cxd4 4. Nxd4 e5 5. Nb5 d6 6. N1c3 a6 7. Na3 Be6 8. Nc4
Rb8 9. a4 Nf6 10. Bg5 Nb4 11. Bxf6 Qxf6 12. Ne3 Rc8 13. Be2 g6 14. O-O Qd8 15.
Ned5 Nxd5 16. Nxd5 Bh6 17. c3 a5 18. Bb5+ Kf8 19. Qd3 Kg7 20. Rad1 Bg5 21. g3 h5
22. f4 exf4 23. gxf4 Bf6 24. Nxf6 Qxf6 25. f5 Bb3 26. Rd2 Qe5 27. fxg6 fxg6 28.
Qxd6 Qxd6 29. Rxd6 Rc7 30. e5 Re7 31. Rd7 Rxd7 32. Bxd7 Rf8 33. h4 Rxf1+ 34.
Kxf1 Kf7 35. Kf2 Be6 36. Bb5 g5 37. hxg5 Kg6 38. b4 b6 39. bxa5 bxa5 40. Ke3
Kxg5 41. c4 h4 42. c5 h3 43. Bf1 h2 44. Bg2 Bb3 45. c6 Bxa4 46. e6 Bxc6 47. Bxc6
Kf6 48. Bd5 a4 49. Kd4 a3 50. Kc3 a2 51. Kb2 a1=Q+ 52. Kxa1 h1=Q+ 53. Bxh1 Kxe6 1/2-1/2

[Event "PNWCC Masters WOO 2020"]
[Site "chess.com INT"]
[Date "2020.07.06"]
[Round "9.3"]
[White "Liang, Awonder"]
[Black "Sevian, Samuel"]
[Result "0-1"]
[WhiteTitle "GM"]
[BlackTitle "GM"]
[WhiteElo "2592"]
[BlackElo "2660"]
[WhiteFideId "2056437"]
[BlackFideId "2040506"]
[EventDate "2020.07.04"]

1. c4 e5 2. Nc3 Nf6 3. Nf3 Nc6 4. e3 Bb4 5. Qc2 Bxc3 6. Qxc3 Qe7 7. d4 e4 8. Ng1
d5 9. b3 O-O 10. Ne2 a5 11. Nf4 Rd8 12. a4 Nb4 13. Ba3 c5 14. dxc5 d4 15. exd4
e3 16. f3 Ne4 17. fxe4 Qxe4 18. Nd3 Bg4 19. d5 e2 20. Nf2 Nc2+ 21. Kd2 exf1=Q
22. Raxf1 Qe2+ 23. Kc1 Nxa3 24. Nxg4 Qxg4 25. Kb2 Nxc4+ 26. bxc4 Rac8 27. h3 Qh4
28. g3 Qe7 29. Rf4 Rxc5 30. Re1 Qd7 31. Rg4 g6 32. Kb3 Rdc8 33. Qf6 b5 34. axb5
Rxc4 35. Qb6 Rxg4 36. hxg4 Qxd5+ 0-1

[Event "PNWCC Masters WOO 2020"]
[Site "chess.com INT"]
[Date "2020.07.06"]
[Round "9.4"]
[White "Swiercz, Dariusz"]
[Black "Jobava, Baadur"]
[Result "1-0"]
[WhiteTitle "GM"]
[BlackTitle "GM"]
[WhiteElo "2649"]
[BlackElo "2603"]
[WhiteFideId "1126881"]
[BlackFideId "13601520"]
[EventDate "2020.07.04"]

1. e4 c5 2. Nf3 e6 3. d4 cxd4 4. Nxd4 Nf6 5. Nc3 Bb4 6. e5 Nd5 7. Bd2 Bxc3 8.
bxc3 O-O 9. Bd3 d6 10. exd6 Qxd6 11. O-O Bd7 12. Qh5 g6 13. Qh4 e5 14. c4 Nf4
15. Nf3 f6 16. c5 Qxc5 17. Bxf4 exf4 18. Qxf4 Nc6 19. Rab1 b6 20. Rfe1 Rae8 21.
Rxe8 Bxe8 22. Re1 Kg7 23. h4 Bf7 24. Qc7 a5 25. a3 Kg8 26. Rb1 Ne5 27. Qxb6
Nxf3+ 28. gxf3 Qxa3 29. Qxf6 Qc5 30. Rb7 a4 31. h5 gxh5 32. Qh6 1-0

[Event "PNWCC Masters WOO 2020"]
[Site "chess.com INT"]
[Date "2020.07.06"]
[Round "9.5"]
[White "Safarli, Eltaj"]
[Black "Le, Quang Liem"]
[Result "1/2-1/2"]
[WhiteTitle "GM"]
[BlackTitle "GM"]
[WhiteElo "2598"]
[BlackElo "2709"]
[WhiteFideId "13402129"]
[BlackFideId "12401137"]
[EventDate "2020.07.04"]

1. e4 e5 2. Nf3 Nc6 3. Bb5 a6 4. Ba4 Nf6 5. Nc3 b5 6. Bb3 Bc5 7. a4 b4 8. Nd5 d6
9. d3 h6 10. Nxf6+ Qxf6 11. Bd5 Bd7 12. Be3 O-O 13. O-O Rab8 14. Bxc5 dxc5 15.
Bxc6 Bxc6 16. Nd2 Bd7 17. Qe2 Be6 18. b3 Qd8 19. Qe3 Qd4 20. Qxd4 cxd4 21. f4
exf4 22. Rxf4 1/2-1/2

[Event "PNWCC Masters WOO 2020"]
[Site "chess.com INT"]
[Date "2020.07.06"]
[Round "9.6"]
[White "Indjic, Aleksandar"]
[Black "Oparin, Grigoriy"]
[Result "1-0"]
[WhiteTitle "GM"]
[BlackTitle "GM"]
[WhiteElo "2618"]
[BlackElo "2652"]
[WhiteFideId "911925"]
[BlackFideId "24125890"]
[EventDate "2020.07.04"]

1. d4 Nf6 2. c4 e6 3. Nf3 d5 4. Nc3 Be7 5. Bg5 h6 6. Bf4 c5 7. dxc5 Na6 8. e3
Nxc5 9. cxd5 Nxd5 10. Bb5+ Bd7 11. Nxd5 exd5 12. Bxd7+ Qxd7 13. O-O O-O 14. Be5
Rac8 15. Rc1 Rfd8 16. Qd4 Ne6 17. Qd2 Qb5 18. Rfd1 Rc6 19. Bc3 Rcc8 20. h3 Qa4
21. b3 Qe4 22. Qb2 Bf8 23. Nd4 Rd7 24. Nxe6 fxe6 25. Bd4 Rdc7 26. Rxc7 Rxc7 27.
Rc1 Rxc1+ 28. Qxc1 b6 29. Qc8 Qb1+ 30. Kh2 Qf5 31. f4 Qf7 32. b4 Kh7 33. b5 h5
34. g4 Bb4 35. Qc2+ Kg8 36. Kg3 hxg4 37. hxg4 Bd6 38. Qc6 Bb4 39. a4 Kh7 40.
Qc2+ Kg8 41. g5 Qh5 42. g6 Bf8 43. a5 bxa5 44. Bxa7 Qh1 45. e4 dxe4 46. Qb3 Kh8
47. Bd4 Bb4 48. Qxe6 Qf3+ 49. Kh4 Qxf4+ 50. Qg4 Be7+ 51. Kh3 Qf1+ 52. Qg2 Qf4
53. Qg3 Qf1+ 54. Kg4 Qd1+ 55. Kf5 Qxd4 56. Qh3+ Bh4 57. Qxh4+ Kg8 58. Qxe4 Qc5+
59. Ke6 Qc8+ 60. Kd6 Qd8+ 61. Kc5 Qc7+ 62. Qc6 Qe7+ 63. Kb6 Qe3+ 64. Ka6 Kf8 65.
Qd7 1-0

[Event "PNWCC Masters WOO 2020"]
[Site "chess.com INT"]
[Date "2020.07.06"]
[Round "9.7"]
[White "Esipenko, Andrey"]
[Black "Ter-Sahakyan, Samvel"]
[Result "1/2-1/2"]
[WhiteTitle "GM"]
[BlackTitle "GM"]
[WhiteElo "2682"]
[BlackElo "2640"]
[WhiteFideId "24175439"]
[BlackFideId "13302531"]
[EventDate "2020.07.04"]

1. c4 e5 2. Nc3 Nf6 3. g3 c6 4. Nf3 e4 5. Nd4 Qb6 6. Nb3 a5 7. d3 a4 8. Nd2 a3
9. Rb1 exd3 10. Bg2 Be7 11. O-O O-O 12. exd3 Qd8 13. Qb3 axb2 14. Bxb2 d6 15.
Rfe1 Nbd7 16. d4 Re8 17. Nde4 Nxe4 18. Nxe4 Nf6 19. d5 Nxe4 20. Bxe4 c5 21. Bc2
Rf8 22. Qd3 f5 23. a4 Bf6 24. Bc1 Be5 25. Bd2 Qf6 26. a5 g6 27. f4 Bd4+ 28. Kg2
Qd8 29. Ba4 Bd7 30. Bxd7 Qxd7 31. Qb3 Rf7 32. Qb5 Kf8 33. Kf3 Re8 34. Rxe8+ Qxe8
35. Qxe8+ Kxe8 36. Rb6 Rd7 37. g4 Bf6 38. a6 bxa6 39. Rxa6 Ke7 40. Ra3 Rb7 41.
Re3+ Kf7 42. gxf5 gxf5 43. Re6 Rb3+ 44. Ke2 Be7 45. Rh6 Kg7 46. Re6 Kf7 47. Rh6
Kg7 48. Re6 Kf7 1/2-1/2

[Event "PNWCC Masters WOO 2020"]
[Site "chess.com INT"]
[Date "2020.07.06"]
[Round "9.8"]
[White "Fedoseev, Vladimir3"]
[Black "Tabatabaei, M.amin"]
[Result "1-0"]
[WhiteTitle "GM"]
[BlackTitle "GM"]
[WhiteElo "2678"]
[BlackElo "2629"]
[WhiteFideId "24130737"]
[BlackFideId "12521213"]
[EventDate "2020.07.04"]

1. d4 Nf6 2. c4 g6 3. Nc3 d5 4. Bf4 Bg7 5. e3 O-O 6. cxd5 Nxd5 7. Nxd5 Qxd5 8.
Bxc7 Na6 9. Bxa6 Qxg2 10. Qf3 Qxf3 11. Nxf3 bxa6 12. Rg1 f6 13. Rc1 Rf7 14. Ke2
Bf8 15. Ne1 a5 16. Bxa5 Ba6+ 17. Kd2 e5 18. Nc2 Rb8 19. b3 e4 20. Ne1 Rb5 21.
Bc7 Rf5 22. Bg3 h5 23. h4 g5 24. Kc2 Ba3 25. Rd1 Kh7 26. Kb1 Rd7 27. Nc2 Bd6 28.
Bxd6 Rxd6 29. Rd2 Kh6 30. Rh1 gxh4 31. Rxh4 Bb7 32. Na3 Rg5 33. Rc2 Rg1+ 34. Kb2
Kg5 35. Rh2 Rc6 36. Rd2 h4 37. Nb5 Rb6 38. Nc3 f5 39. Ne2 Rg4 40. Rd1 Rh6 41.
Rc1 Ba6 42. Ng1 Kh5 43. Nh3 Be2 44. Rc5 Rf6 45. Rc8 1-0

[Event "PNWCC Masters WOO 2020"]
[Site "chess.com INT"]
[Date "2020.07.06"]
[Round "9.9"]
[White "Kovalev, Vladislav"]
[Black "Martinez Alcantara, Jose Eduardo"]
[Result "0-1"]
[WhiteTitle "GM"]
[BlackTitle "GM"]
[WhiteElo "2648"]
[BlackElo "2620"]
[WhiteFideId "13504398"]
[BlackFideId "3805662"]
[EventDate "2020.07.04"]

1. e4 e5 2. Nf3 Nc6 3. Bb5 a6 4. Ba4 Nf6 5. O-O Nxe4 6. d4 Be7 7. Re1 b5 8. Rxe4
d5 9. Nxe5 Nxe5 10. Rxe5 bxa4 11. b3 O-O 12. Ba3 Bxa3 13. Nxa3 Re8 14. Qe1 Bf5
15. Rxe8+ Qxe8 16. Qxe8+ Rxe8 17. f3 Re2 18. c4 c6 19. cxd5 cxd5 20. bxa4 h5 21.
Rd1 Rb2 22. h4 g5 23. hxg5 h4 24. Rf1 Kg7 25. Rf2 Rb4 26. a5 Kg6 27. f4 Be4 28.
Kf1 Kf5 29. Ke1 Kg4 30. Nc2 Rb1+ 31. Kd2 Rb2 0-1

[Event "PNWCC Masters WOO 2020"]
[Site "chess.com INT"]
[Date "2020.07.06"]
[Round "9.10"]
[White "Hakobyan, Aram"]
[Black "Predojevic, Borki"]
[Result "1/2-1/2"]
[WhiteTitle "GM"]
[BlackTitle "GM"]
[WhiteElo "2588"]
[BlackElo "2601"]
[WhiteFideId "13306677"]
[BlackFideId "930849"]
[EventDate "2020.07.04"]

1. Nf3 Nf6 2. c4 c5 3. g3 b6 4. Bg2 Bb7 5. O-O g6 6. Nc3 Bg7 7. Re1 O-O 8. e4
Nc6 9. d3 d6 10. h3 Nd7 11. Bg5 Nde5 12. Rb1 Nxf3+ 13. Bxf3 a6 14. Qd2 b5 15.
Nd5 bxc4 16. dxc4 Re8 17. Bg2 a5 18. Kh2 Nd4 19. Bh6 Bxh6 20. Qxh6 e5 21. Ne3
Qf6 22. Ng4 Qg7 23. Qh4 Kh8 24. Nf6 Re6 25. Nd5 Bxd5 26. cxd5 Ree8 27. f4 f6 28.
Rf1 Rf8 29. Rf2 g5 30. Qg4 gxf4 31. Qxg7+ Kxg7 32. gxf4 Rab8 33. Rbf1 exf4 34.
b3 f5 35. Rxf4 fxe4 36. Rxf8 Rxf8 37. Rxf8 Kxf8 38. Bxe4 h6 39. Kg3 Ne2+ 40. Kf3
Nc3 41. a4 Ke7 42. Ke3 Kf6 43. Kd3 Nxe4 44. Kxe4 Kg5 45. Kd3 Kf4 46. Kc4 Ke4 47.
Kb5 Kxd5 48. Kb6 h5 49. h4 c4 50. bxc4+ Kxc4 51. Kxa5 Kc5 52. Ka6 d5 53. Kb7 d4
54. a5 d3 55. a6 d2 56. a7 d1=Q 57. a8=Q Qb3+ 58. Kc8 Qe6+ 59. Kb8 Qd6+ 60. Kc8
Qf8+ 61. Kb7 Qf7+ 62. Ka6 Qf6+ 63. Kb7 Qe7+ 64. Kc8 Qe8+ 65. Kb7 Qd7+ 66. Kb8
Qd8+ 67. Kb7 Qd7+ 68. Kb8 Qe8+ 69. Ka7 Qa4+ 70. Kb8 Qxh4 71. Qa5+ Kd6 72. Qb6+
Ke5 73. Qc5+ Ke6 74. Qc6+ Ke5 75. Qc5+ Ke6 76. Qc6+ Kf7 77. Qd5+ Kg6 78. Qg8+
Kf5 79. Qd5+ Kf4 80. Qd4+ Kg3 81. Qe3+ Kg2 82. Qe2+ Kg1 83. Qe3+ Kf1 84. Qf3+
Kg1 85. Qe3+ Qf2 86. Qg5+ Qg2 87. Qxh5 Qh2+ 88. Qxh2+ Kxh2 1/2-1/2

[Event "PNWCC Masters WOO 2020"]
[Site "chess.com INT"]
[Date "2020.07.06"]
[Round "9.11"]
[White "Demchenko, Anton"]
[Black "Chigaev, Maksim"]
[Result "1/2-1/2"]
[WhiteTitle "GM"]
[BlackTitle "GM"]
[WhiteElo "2641"]
[BlackElo "2588"]
[WhiteFideId "4160258"]
[BlackFideId "4108116"]
[EventDate "2020.07.04"]

1. d4 Nf6 2. Nf3 g6 3. Bf4 Bg7 4. c3 O-O 5. Nbd2 d6 6. e4 Nbd7 7. Be2 b6 8. O-O
Bb7 9. Qc2 e5 10. dxe5 dxe5 11. Nxe5 Nxe5 12. Bxe5 Nxe4 13. Bxg7 Nxd2 14. Bxf8
Qg5 15. f3 Nxf1 16. Bxf1 Rxf8 17. Qf2 Rd8 18. Re1 Rd2 19. Re2 Rd1 20. f4 Qf6 21.
Rd2 Ra1 22. Qe2 Bc6 23. Qc4 a6 24. Rf2 b5 25. Qc5 Rxa2 26. f5 g5 27. Qa7 Ra1 28.
Qxc7 Bd5 29. g4 Rd1 30. h4 gxh4 31. Kh2 h6 32. Qf4 Qg5 33. Kh3 Qf6 34. Rd2 Rxd2
35. Qxd2 Bc6 36. Qf2 a5 37. Qxh4 Qxh4+ 38. Kxh4 f6 39. Kg3 Kf8 40. Kf4 Ke7 41.
Ke3 Kd6 42. Kd4 Bf3 43. Bxb5 Bxg4 44. Ke4 Bd1 45. Kf4 h5 46. Bd3 h4 47. Bf1 Kd5
48. Ba6 Kc5 49. Bd3 Kd5 50. Ba6 Kd6 51. Bf1 Bc2 52. Kg4 Ke5 53. Kxh4 Kf4 54. Bb5
Kxf5 55. Kg3 Ke4 56. Kf2 f5 57. Ke2 f4 58. Bc6+ Ke5 59. Kf2 Bb3 60. Bb7 Bd5 61.
Ba6 Kd6 62. Be2 Kc5 63. b4+ axb4 64. cxb4+ Kxb4 65. Bd1 f3 66. Bxf3 1/2-1/2

[Event "PNWCC Masters WOO 2020"]
[Site "chess.com INT"]
[Date "2020.07.06"]
[Round "9.12"]
[White "Hovhannisyan, Robert"]
[Black "Bosiocic, Marin"]
[Result "1/2-1/2"]
[WhiteTitle "GM"]
[BlackTitle "GM"]
[WhiteElo "2642"]
[BlackElo "2625"]
[WhiteFideId "13302507"]
[BlackFideId "14507927"]
[EventDate "2020.07.04"]

1. e4 d6 2. d4 Nf6 3. Nc3 e5 4. dxe5 dxe5 5. Qxd8+ Kxd8 6. Bc4 Ke8 7. Bd2 c6 8.
f4 exf4 9. Bxf4 b5 10. Bb3 a5 11. a4 b4 12. Nce2 Nxe4 13. Nf3 Nc5 14. O-O-O
Nxb3+ 15. cxb3 c5 16. Rhe1 Be6 17. Bxb8 Rxb8 18. Nf4 Rb6 19. Ng5 Be7 20. Ngxe6
fxe6 21. Nxe6 Kf7 22. Nc7 Rd6 23. Nb5 Rdd8 24. Kc2 h5 25. Rf1+ Kg6 26. Na7 Ra8
27. Nc6 Bf6 28. Rfe1 Rhc8 29. Ne5+ Bxe5 30. Rxe5 Ra6 31. Rdd5 h4 32. Rg5+ Kh7
33. Rxc5 Rxc5+ 34. Rxc5 Kh6 35. g3 h3 36. Kd3 Rd6+ 37. Ke3 Re6+ 38. Kf3 Rf6+ 39.
Kg4 Rf2 40. Kxh3 Rxb2 41. Rxa5 Rxb3 42. Rb5 Rb2 43. Rb6+ g6 44. Kg4 b3 45. h4
Ra2 46. Rxb3 Rxa4+ 47. Kh3 Kh5 48. Rb7 Kh6 49. Re7 Ra3 50. Kg4 Ra4+ 51. Kf3 Ra3+
52. Kf4 Ra4+ 53. Re4 Rxe4+ 54. Kxe4 g5 55. h5 Kxh5 56. Kf5 g4 57. Kf4 Kh6 58.
Kxg4 Kg6 59. Kf4 Kf6 60. g4 Kg6 61. g5 Kg7 62. Kf5 Kf7 63. g6+ Kg7 64. Kg5 Kg8
65. Kh6 Kh8 66. g7+ Kg8 67. Kg6 1/2-1/2

[Event "PNWCC Masters WOO 2020"]
[Site "chess.com INT"]
[Date "2020.07.06"]
[Round "9.13"]
[White "Yip, Carissa"]
[Black "Melkumyan, Hrant"]
[Result "1/2-1/2"]
[WhiteTitle "IM"]
[BlackTitle "GM"]
[WhiteElo "2421"]
[BlackElo "2663"]
[WhiteFideId "2090732"]
[BlackFideId "13302485"]
[EventDate "2020.07.04"]

1. e4 c5 2. Nf3 Nc6 3. d4 cxd4 4. Nxd4 e5 5. Nb5 d6 6. c4 g6 7. Be3 Be6 8. Be2
a6 9. N5c3 Bg7 10. Nd5 Nd4 11. Nbc3 h6 12. Bd3 Ne7 13. Qd2 Nxd5 14. Nxd5 Bxd5
15. cxd5 Qb6 16. O-O O-O 17. Bxh6 Bxh6 18. Qxh6 Qxb2 19. Rae1 Rac8 20. Re3 Qd2
21. h4 Rc3 22. h5 Rxd3 23. hxg6 fxg6 24. Qxg6+ Kh8 25. Qxd6 Rf7 26. Qxe5+ Kg8
27. Qe8+ Kg7 28. Qe5+ Kg8 29. Qe8+ Kg7 30. Qe5+ Rf6 31. Qe7+ Kg6 32. Qe8+ Rf7
33. Qg8+ Rg7 34. Qe8+ Rf7 35. Qg8+ Rg7 36. Qe8+ Rf7 1/2-1/2

[Event "PNWCC Masters WOO 2020"]
[Site "chess.com INT"]
[Date "2020.07.06"]
[Round "9.14"]
[White "Bernadskiy, Vitaliy"]
[Black "Shabalov, Alexander"]
[Result "0-1"]
[WhiteTitle "GM"]
[BlackTitle "GM"]
[WhiteElo "2629"]
[BlackElo "2528"]
[WhiteFideId "14100371"]
[BlackFideId "2008572"]
[EventDate "2020.07.04"]

1. d4 d5 2. c4 e6 3. Nc3 c5 4. cxd5 exd5 5. Nf3 Nf6 6. g3 Nc6 7. Bg2 cxd4 8.
Nxd4 Bc5 9. Nxc6 bxc6 10. O-O O-O 11. Qc2 Bb6 12. Na4 Ba6 13. Nxb6 axb6 14. b3
Re8 15. Re1 Bb7 16. Bb2 Ne4 17. a4 Qd7 18. Rad1 Qf5 19. f3 Nd6 20. e4 Qg6 21.
Qc3 h5 22. Bh3 h4 23. Kf2 Qh6 24. Kg2 Bc8 25. g4 Be6 26. Bc1 Qg6 27. Qxc6 Red8
28. exd5 Bf5 29. Bf4 Bc2 30. Rd2 Bxb3 31. Qxb6 Bxa4 32. Qf2 Nc4 33. Rd4 Bb3 34.
Qxh4 Nb2 35. Re5 Nd3 36. Rh5 f6 37. g5 Bxd5 38. Kg3 Kf7 39. Bc7 Ne5 40. Bxd8 Ra3
41. Rf4 Nxf3 42. Rxf6+ gxf6 43. Rh7+ Ke8 44. Rh8+ Bg8 45. Qb4 Qxg5+ 46. Bg4 Qe5+
47. Kg2 Nh4+ 48. Rxh4 Ra2+ 49. Kf1 Bc4+ 0-1

[Event "PNWCC Masters WOO 2020"]
[Site "chess.com INT"]
[Date "2020.07.06"]
[Round "9.15"]
[White "Kobalia, Mikhail"]
[Black "Murzin, Volodar"]
[Result "0-1"]
[WhiteTitle "GM"]
[BlackTitle "IM"]
[WhiteElo "2614"]
[BlackElo "2465"]
[WhiteFideId "4119150"]
[BlackFideId "44155573"]
[EventDate "2020.07.04"]

1. e4 c6 2. d4 d5 3. e5 Bf5 4. Nf3 e6 5. Be2 Ne7 6. c3 Ng6 7. O-O f6 8. c4 Nd7
9. cxd5 exd5 10. Nc3 Be7 11. Re1 O-O 12. e6 Nb6 13. Bd3 Bxd3 14. Qxd3 Re8 15. a4
a5 16. b3 Bb4 17. Re2 Nf8 18. Na2 Bd6 19. Bd2 Rxe6 20. Rae1 Qd7 21. Nc1 Rxe2 22.
Qxe2 Nc8 23. Nd3 Ne7 24. Nc5 Qc8 25. Bf4 Bxc5 26. dxc5 Nfg6 27. Nd4 Nf5 28. Nxf5
Qxf5 29. Bd6 Kf7 30. h4 h5 31. g3 d4 32. Qc4+ Qd5 33. Qxd5+ cxd5 34. f4 Rc8 35.
Rd1 Ne7 36. Rxd4 Nc6 37. Rxd5 g6 38. f5 gxf5 39. Rxf5 Kg6 40. Rf4 Re8 41. Kf2
Re6 42. Rf3 Re4 43. Rf4 Re6 44. g4 Nb4 45. Kg3 Nc6 46. gxh5+ Kxh5 47. Rf5+ Kg6
48. Kg4 Nd4 49. h5+ Kf7 50. Rf1 Re2 51. h6 Kg6 52. h7 Re8 53. Rh1 Rh8 54. Bc7
Nxb3 55. Bb6 Nd2 56. Bxa5 Ne4 57. Bb6 Nf2+ 0-1

[Event "PNWCC Masters WOO 2020"]
[Site "chess.com INT"]
[Date "2020.07.06"]
[Round "9.16"]
[White "Mikhalevski, Victor"]
[Black "Zhao, Ian"]
[Result "1-0"]
[WhiteTitle "GM"]
[BlackTitle "FM"]
[WhiteElo "2565"]
[BlackElo "2380"]
[WhiteFideId "2801914"]
[BlackFideId "2620740"]
[EventDate "2020.07.04"]

1. Nf3 d5 2. g3 Nf6 3. Bg2 e6 4. O-O Be7 5. c4 O-O 6. b3 c5 7. Bb2 Nc6 8. e3 b6
9. Nc3 Bb7 10. cxd5 exd5 11. d4 Rc8 12. Rc1 Ne4 13. dxc5 Nxc3 14. Bxc3 bxc5 15.
Qd2 Qd7 16. Rfd1 Rfd8 17. Qb2 Bf8 18. h4 Qf5 19. Ng5 h6 20. Rxd5 Rxd5 21. e4 Qg6
22. exd5 Ne7 23. Nf3 Nxd5 24. Ne5 Qe6 25. Re1 Qd6 26. Nc4 Qd7 27. Qd2 Qf5 28.
Re5 Qb1+ 29. Kh2 Nxc3 30. Bxb7 Rb8 31. Qxc3 Rxb7 32. Qd2 Re7 33. Rxe7 Bxe7 34.
Qe2 Bf8 35. Qf3 Qxa2 36. Ne5 f6 37. Ng6 Qd2 38. h5 c4 39. Nxf8 cxb3 40. Ng6 b2
41. Qa8+ Kf7 42. Qf8+ Ke6 43. Qe7+ Kf5 44. Nh4+ 1-0

[Event "PNWCC Masters WOO 2020"]
[Site "chess.com INT"]
[Date "2020.07.06"]
[Round "9.17"]
[White "Brodsky, David"]
[Black "Estrada Nieto, Julian"]
[Result "0-1"]
[WhiteTitle "IM"]
[BlackTitle "IM"]
[WhiteElo "2455"]
[BlackElo "2280"]
[WhiteFideId "2073250"]
[BlackFideId "5101018"]
[EventDate "2020.07.04"]

1. e4 e5 2. Nf3 Nc6 3. Bc4 Bc5 4. c3 d6 5. d4 exd4 6. cxd4 Bb6 7. Bb5 Bd7 8. O-O
Nge7 9. Nc3 O-O 10. h3 Ng6 11. Bg5 Qc8 12. Be3 Nce7 13. Bc4 h6 14. Re1 Be6 15.
d5 Bd7 16. Bxb6 axb6 17. Rc1 Qd8 18. Nd4 Kh8 19. Bf1 c6 20. g3 b5 21. a3 Qb6 22.
Nc2 Ne5 23. dxc6 bxc6 24. Bg2 c5 25. Ne3 c4 26. Ncd5 Nxd5 27. Nxd5 Qa7 28. Nb4
Qb6 29. Re2 Be6 30. Kh2 Rad8 31. f4 Nd3 32. Nxd3 cxd3 33. Qxd3 Bc4 34. Qe3 Qb8
35. Rd2 f6 36. Qd4 Bg8 37. Qb4 Bh7 38. Rc6 Rfe8 39. Rcxd6 Rxd6 40. Qxd6 Qxd6 41.
Rxd6 Bxe4 42. Bf1 Rb8 43. Rd4 f5 44. Rb4 Rd8 45. Rxb5 Rd1 46. Rb8+ Kh7 47. Kg1
Bd3 48. Kf2 Bxf1 49. g4 Bxh3 50. gxf5 Bxf5 51. a4 Ra1 52. b3 Bc2 53. Ke3 Rb1 54.
b4 Bxa4 55. f5 Bc2 0-1

[Event "PNWCC Masters WOO 2020"]
[Site "chess.com INT"]
[Date "2020.07.06"]
[Round "9.18"]
[White "Liang, Justin"]
[Black "Vokhidov, Shamsiddin"]
[Result "0-1"]
[BlackTitle "GM"]
[WhiteElo "2067"]
[BlackElo "2512"]
[WhiteFideId "2099942"]
[BlackFideId "14204223"]
[EventDate "2020.07.04"]

1. Nf3 c5 2. b3 d5 3. e3 Nc6 4. Bb2 a6 5. d4 cxd4 6. exd4 Nf6 7. Nbd2 Bf5 8. Rc1
e6 9. Be2 h6 10. O-O Be7 11. Re1 O-O 12. Nf1 Rc8 13. Ne3 Bh7 14. a3 b5 15. Bd3
Bxd3 16. cxd3 Qb6 17. Nc2 Rc7 18. Ne5 Rfc8 19. Qd2 Nd7 20. Nxc6 Rxc6 21. b4 Bf6
22. g3 Nf8 23. f4 Ng6 24. Rf1 Ne7 25. g4 Ng6 26. g5 hxg5 27. fxg5 Bxg5 28. Qxg5
Rxc2 29. Kh1 Qb8 0-1

[Event "PNWCC Masters WOO 2020"]
[Site "chess.com INT"]
[Date "2020.07.06"]
[Round "9.19"]
[White "Yang, Kaiqi"]
[Black "Kunka, Harshid"]
[Result "1-0"]
[WhiteTitle "GM"]
[WhiteElo "2481"]
[BlackElo "1913"]
[WhiteFideId "8604398"]
[BlackFideId "30922216"]
[EventDate "2020.07.04"]

1. c4 e6 2. g3 Nf6 3. Bg2 d5 4. d4 dxc4 5. Nf3 Be7 6. O-O O-O 7. Qc2 Nbd7 8.
Qxc4 Nb6 9. Qc2 c6 10. Rd1 Nfd7 11. Nc3 h6 12. e4 Qc7 13. Bf4 Bd6 14. Bxd6 Qxd6
15. e5 Qe7 16. Ne4 Nd5 17. Re1 N7b6 18. a3 Rd8 19. Nd6 Nc7 20. Rad1 Ne8 21. Ne4
Nd5 22. Nfd2 Ndc7 23. Nf1 Nd5 24. Ne3 Nxe3 25. fxe3 f5 26. exf6 Nxf6 27. Nc5 Rb8
28. Nd3 Bd7 29. Ne5 Be8 30. Rf1 Rbc8 31. Bh3 c5 32. Qb3 Bf7 33. Nxf7 Kxf7 34. d5
c4 35. Bxe6+ Kf8 36. Qc2 Rc7 37. Qh7 Ke8 38. Qg6+ Kf8 39. Rxf6+ Qxf6 40. Rf1 1-0

[Event "PNWCC Masters WOO 2020"]
[Site "chess.com INT"]
[Date "2020.07.06"]
[Round "9.20"]
[White "Maiti, Milind"]
[Black "Li, Ben"]
[Result "0-1"]
[BlackTitle "IM"]
[WhiteElo "2068"]
[BlackElo "2376"]
[WhiteFideId "2090767"]
[BlackFideId "2089980"]
[EventDate "2020.07.04"]

1. d4 d5 2. c4 c6 3. Nf3 Nf6 4. e3 Bf5 5. Nc3 a6 6. Be2 e6 7. c5 Nbd7 8. O-O h6
9. b4 g5 10. Nd2 Bg7 11. Nb3 O-O 12. Bd3 Bxd3 13. Qxd3 e5 14. Bd2 Re8 15. Rfe1
Qc7 16. a4 Ng4 17. g3 e4 18. Qe2 f5 19. Reb1 Ngf6 20. Na5 Nf8 21. Nd1 Ne6 22. b5
axb5 23. axb5 Nd7 24. bxc6 bxc6 25. Rb7 Qxb7 26. Nxb7 Rxa1 27. Nd6 Rf8 28. Bc3
Raa8 29. Kf1 Kh7 30. Ke1 Ra7 31. Qc2 Kg8 32. Qe2 Kh8 33. Qh5 Kh7 34. Qh3 g4 35.
Qf1 Ra2 36. h4 Ndxc5 37. dxc5 Nxc5 38. Bxg7 Kxg7 39. Qh1 Nd3+ 40. Kf1 Ra1 41.
Kg2 h5 42. Qf1 Rb8 43. Nxf5+ Kf6 44. Nd4 Rbb1 45. Nc2 Ra2 46. Qe2 Rxc2 47. Qxc2
Ne1+ 0-1

[Event "PNWCC Masters WOO 2020"]
[Site "chess.com INT"]
[Date "2020.07.06"]
[Round "9.21"]
[White "He, Anthony"]
[Black "Nguyen, Thanh Thuy Tien"]
[Result "1/2-1/2"]
[WhiteTitle "FM"]
[BlackTitle "WIM"]
[WhiteElo "2337"]
[BlackElo "1971"]
[WhiteFideId "2088215"]
[BlackFideId "12400998"]
[EventDate "2020.07.04"]

1. Nf3 Nf6 2. g3 b5 3. Bg2 Bb7 4. d4 e6 5. O-O c5 6. a4 b4 7. c3 cxd4 8. Nxd4
Bxg2 9. Kxg2 Qb6 10. Bg5 Be7 11. cxb4 Qxb4 12. Nc3 O-O 13. Qd3 h6 14. Bd2 Qb7+
15. e4 Na6 16. Rfe1 Bc5 17. Nc2 Ng4 18. f3 Ne5 19. Qb5 Rab8 20. Rab1 Qxb5 21.
Nxb5 Rfc8 22. Bc3 f6 23. Rbd1 Rb7 24. f4 Nf7 25. Re2 Nb8 26. Red2 a6 27. Nba3
Be7 28. Rd3 Rbc7 29. R1d2 Kf8 30. Kf3 Ke8 31. h3 h5 32. Rd1 g5 33. h4 g4+ 34.
Ke2 Nc6 35. Nc4 Nb4 36. Nxb4 Rxc4 37. Rd4 Bxb4 38. Bxb4 Rxd4 39. Rxd4 Rc2+ 1/2-1/2

[Event "PNWCC Masters WOO 2020"]
[Site "chess.com INT"]
[Date "2020.07.06"]
[Round "9.22"]
[White "Kondakov, Adrian"]
[Black "Liang, Jason"]
[Result "1-0"]
[WhiteTitle "CM"]
[BlackTitle "FM"]
[WhiteElo "1986"]
[BlackElo "2340"]
[WhiteFideId "30920302"]
[BlackFideId "30940303"]
[EventDate "2020.07.04"]

1. e4 c6 2. d4 d5 3. exd5 cxd5 4. Nf3 Nc6 5. Bb5 Qa5+ 6. Nc3 Bg4 7. h3 Bxf3 8.
Qxf3 e6 9. O-O Nf6 10. Qg3 Be7 11. Qxg7 Rg8 12. Qh6 O-O-O 13. Qf4 Rg6 14. Bd3
Rg7 15. Ne2 Rdg8 16. g3 h5 17. Qf3 Rh8 18. Bf4 h4 19. g4 Nh5 20. Bh2 f5 21. Kh1
fxg4 22. hxg4 Nf6 23. Qe3 Nd8 24. f3 Qb6 25. c4 dxc4 26. Rac1 Kd7 27. Rxc4 Bd6
28. Nf4 Re8 29. Qd2 Nc6 30. d5 exd5 31. Bf5+ Ke7 32. Nxd5+ Nxd5 33. Qh6 Kf7 34.
Qh5+ Kf8 35. Bxd6+ Nce7 36. Bd7 Rd8 37. Qxd5 Rxd7 38. Rf4+ Ke8 39. Qh5+ Rg6 40.
Qh8+ Rg8 41. Qxg8+ Nxg8 42. Rf8# 1-0